00902nam a22002171 4500001001300000003000400013005001700017008004100034010002200075040001700097041001100114050001800125100002100143240007700164245018000241260015400421300003300575504003000608650002900638999001700667he 65000031 DLC20260227111427.0851122s1964 is a b 00010 eng  ahe 65000031 //r85 aDLC/ICUcICU1 aengrus0 aQC880b.V881310aVulʹfson, N. I.10aIssledovanie konvektivnykh dvizheniĭ v svobodnoĭ atmosfere.lEnglish10aConvective motions in a free atmospherec[by] N.L. [i.e. I.] Vulʹfson. (Issledovanie konvektivnykh dvizheniĭ v svobodnoĭ atmosfere) [Translated and edited by IPST staff].0 aJerusalem,bIsrael Program for Scientific Translations;b[available from the Office of Technical Services, U.S. Dept. of Commerce, Washington]c1964. aviii, 188 p.billus.c24 cm. aBibliography: p. 182-188. 0aConvection (Meteorology) c30850d30850